Zaměstnanost a ochrana životního prostředí
Skúsenosti vyspelých krajín s integráciou ekologickej politiky do politiky pracovného trhu. Tvorba pracovných miest na ochranu životného prostredia. Ocenenie dopadu ekologickej politiky na zamestnanosť.
Saved in:
| Main Author: | |
|---|---|
| Format: | Book Chapter |
| Language: | Czech |
| Subjects: | |
| Tags: |
No Tags, Be the first to tag this record!
|
MARC
| LEADER | 00000naa a2200000 4500 | ||
|---|---|---|---|
| 001 | r023529 | ||
| 005 | 20230912085656.8 | ||
| 041 | 0 | |a cze | |
| 044 | |a CZ | ||
| 245 | 1 | 0 | |a Zaměstnanost a ochrana životního prostředí |c Eva Tošovská |
| 520 | |a Skúsenosti vyspelých krajín s integráciou ekologickej politiky do politiky pracovného trhu. Tvorba pracovných miest na ochranu životného prostredia. Ocenenie dopadu ekologickej politiky na zamestnanosť. | ||
| 610 | 2 | 0 | |a zamestnanosť |
| 610 | 2 | 0 | |a ochrana prostredia životného |
| 610 | 2 | 0 | |a politika hospodárska |
| 610 | 2 | 0 | |a ekológia |
| 610 | 2 | 0 | |a Česko |
| 610 | 2 | 0 | |a krajiny vyspelé |
| 610 | 2 | 0 | |a trh práce |
| 610 | 2 | 0 | |a výdavky |
| 610 | 2 | 0 | |a miesta pracovné |
| 610 | 2 | 0 | |a metodológia |
| 610 | 2 | 0 | |a reformy daňové |
| 100 | 1 | |a Tošovská, Eva | |